000
00309 a2200157 4500
001
64440
020
_a
040
_c
Anchieta - Pituba
100
_a
Ferreira, Antonio José
240
1
0
_a
Laços
_l
por
245
1
0
_a
Laços
300
_a
99
362
0
_a
1974
650
4
_a
Poesia brasileira
942
_c
BK
999
_c
64440
_d
64440